[Event "51st World Juniors"]
[Site "Athens GRE"]
[Date "2012.08.12"]
[Round "10.42"]
[White "Malikentzos, Sotirios"]
[Black "Sodikov, Ilyas"]
[Result "1/2-1/2"]
[WhiteTitle "FM"]
[WhiteElo "2337"]
[BlackElo "2234"]
[WhiteFideId "4215079"]
[BlackFideId "13705490"]
[EventDate "2012.08.02"]

1. Nf3 Nc6 2. c4 e5 3. Nc3 Nf6 4. g3 Bb4 5. Bg2 O-O 6. O-O e4 7. Ng5 Bxc3 8.
bxc3 Re8 9. d3 exd3 10. exd3 h6 11. Nh3 b6 12. Nf4 Bb7 13. Rb1 Na5 14. Nd5 c6
15. Ne3 d5 16. cxd5 Nxd5 17. Nxd5 cxd5 18. Qg4 Qf6 19. Bb2 Rad8 20. Rfe1 Re6 21.
Rxe6 fxe6 22. c4 d4 23. Re1 e5 24. Bxb7 Nxb7 25. Ba3 Nd6 26. Bxd6 Qxd6 27. Qh5
Qa3 28. Qg6 Qxa2 29. Rxe5 Rf8 30. f4 Qa3 31. c5 bxc5 32. Re7 Qa1+ 33. Kg2 Qa2+
34. Kh3 Rf7 35. Re8+ Rf8 36. Re7 Rf7 37. Re5 Qa4 38. Rxc5 Qd7+ 39. f5 Rf6 40.
Qg4 Qd6 41. Rc4 Qd7 42. Rc5 Qd6 43. Ra5 Qc7 44. Rd5 Qf7 45. Qe4 Qh5+ 46. Kg2 Qg5
47. Qf4 Qxf4 48. gxf4 g6 49. fxg6 Rxf4 50. Rd6 Kg7 51. Ra6 h5 52. Kg3 Rg4+ 53.
Kf3 Rh4 54. h3 Rxh3+ 55. Ke4 Rg3 56. Kf5 Rf3+ 57. Kg5 Rg3+ 58. Kf5 Rf3+ 59. Kg5 1/2-1/2

[Event "51st World Juniors"]
[Site "Athens GRE"]
[Date "2012.08.12"]
[Round "10.43"]
[White "Kvaratskhelia, Dimitri"]
[Black "Arvola, Benjamin"]
[Result "0-1"]
[WhiteElo "2093"]
[BlackElo "2300"]
[WhiteFideId "13604295"]
[BlackFideId "1506536"]
[EventDate "2012.08.02"]

1. d4 f5 2. e4 fxe4 3. Nc3 Nf6 4. Bg5 Nc6 5. f3 exf3 6. Nxf3 d5 7. Bb5 g6 8. Qe2
Bg7 9. Ne5 Qd6 10. O-O-O O-O 11. h4 a6 12. Bxc6 bxc6 13. g4 Rb8 14. Rd3 Nd7 15.
Nxd7 Bxd7 16. h5 e5 17. dxe5 Qxe5 18. Qd2 Bxg4 19. hxg6 hxg6 20. Rg1 d4 21. Nd1
Bf5 22. Rdg3 Rfe8 23. R3g2 Qe6 24. Kb1 c5 25. Bh6 Bh8 26. Bf4 c4 27. Rh2 Bg7 28.
Bh6 c3 29. Qf2 Bxh6 30. Rxh6 Rxb2+ 31. Nxb2 Qb6 0-1

[Event "51st World Juniors"]
[Site "Athens GRE"]
[Date "2012.08.12"]
[Round "10.44"]
[White "Dounis, Alexandros"]
[Black "Ladva, Ottomar"]
[Result "0-1"]
[WhiteElo "2298"]
[BlackElo "2153"]
[WhiteFideId "4213238"]
[BlackFideId "4500024"]
[EventDate "2012.08.02"]

1. Nf3 d5 2. g3 c6 3. Bg2 Bg4 4. c4 Nf6 5. O-O e6 6. cxd5 exd5 7. h3 Bxf3 8.
Bxf3 Nbd7 9. d4 Bd6 10. Nc3 O-O 11. Re1 Re8 12. Qd3 h6 13. Bd2 Bb4 14. a3 Bxc3
15. bxc3 b5 16. a4 a6 17. e4 dxe4 18. Bxe4 Rxe4 19. Rxe4 Nc5 0-1

[Event "51st World Juniors"]
[Site "Athens GRE"]
[Date "2012.08.12"]
[Round "10.45"]
[White "Podolsky, Anton"]
[Black "Nishant, Malhotra"]
[Result "1-0"]
[WhiteElo "2246"]
[BlackElo "2076"]
[WhiteFideId "14119668"]
[BlackFideId "5099129"]
[EventDate "2012.08.02"]

1. e4 c6 2. c4 d5 3. cxd5 cxd5 4. exd5 Nf6 5. Nc3 Nxd5 6. Nf3 Nc6 7. Bb5 e6 8.
O-O Be7 9. d4 O-O 10. Re1 Bf6 11. Ne4 Nce7 12. Bd3 b6 13. Nxf6+ Nxf6 14. Bg5
Ned5 15. Ne5 Bb7 16. Ng4 h6 17. Nxh6+ gxh6 18. Bxh6 Kh8 19. Qf3 Rg8 20. Qh3 Rg7
21. Re5 Kg8 22. Bxg7 Kxg7 23. Rae1 Qd6 24. Qg3+ Kf8 25. h4 Ke7 26. Rxe6+ fxe6
27. Qg7+ Kd8 28. Qxb7 Rc8 29. Qf7 Rc7 30. Rxe6 Rc1+ 31. Bf1 Qb4 32. Rxf6 Nxf6
33. Qxf6+ Qe7 34. Qf4 Qe1 35. Qb8+ Ke7 36. Qxa7+ Kf8 37. Qb8+ Kf7 38. Qf4+ Kg7
39. Qg5+ Kf8 40. Qb5 1-0

[Event "51st World Juniors"]
[Site "Athens GRE"]
[Date "2012.08.12"]
[Round "10.46"]
[White "Carbone, Diego"]
[Black "Haarr, Jon Kristian"]
[Result "1-0"]
[WhiteElo "2069"]
[BlackElo "2245"]
[WhiteFideId "3002179"]
[BlackFideId "1505963"]
[EventDate "2012.08.02"]

1. d4 Nf6 2. c4 e5 3. dxe5 Ng4 4. e3 d6 5. exd6 Bxd6 6. Nf3 Nc6 7. Nc3 O-O 8.
Be2 Re8 9. Nb5 Bb4+ 10. Bd2 Qe7 11. Bxb4 Nxb4 12. O-O b6 13. h3 Nf6 14. a3 Na6
15. Qc2 Bb7 16. Nc3 Nc5 17. Rad1 g6 18. Nd5 Nxd5 19. cxd5 Qd6 20. Bb5 Re7 21. b4
Ne4 22. Bc6 Rb8 23. Nd4 Ba6 24. Rfe1 Rf8 25. Ba4 f5 26. Ne6 Rf6 27. Qb2 Kf7 28.
Bb3 h6 29. Rc1 Bb7 30. Nxc7 Rd7 31. Red1 f4 32. Nb5 Qf8 33. d6+ Kg7 34. Nc7 Kh7
35. Ne6 Qe8 36. Nxf4 g5 37. Nd5 Rfxd6 38. Nc3 Nd2 39. Bc2+ Kg8 40. Ba4 Qf7 41.
Bxd7 Qxd7 42. Qc2 g4 43. Rxd2 Rxd2 44. Qg6+ Qg7 45. Qxg7+ Kxg7 46. Rd1 Rxd1+ 47.
Nxd1 gxh3 48. gxh3 Bf3 49. Nc3 h5 50. h4 Kf6 51. Kh2 Ke5 52. Kg3 Bc6 53. f3 a6
54. Kf2 Kf5 55. e4+ Kf4 56. Ne2+ Ke5 57. Ke3 Bd7 58. Nf4 Be8 59. Nd5 1-0

[Event "51st World Juniors"]
[Site "Athens GRE"]
[Date "2012.08.12"]
[Round "10.47"]
[White "Krysa, Leandro"]
[Black "Caetano, Hugo Zanotti Mendonca"]
[Result "1-0"]
[WhiteTitle "IM"]
[WhiteElo "2438"]
[BlackElo "2109"]
[WhiteFideId "116807"]
[BlackFideId "2119420"]
[EventDate "2012.08.02"]

1. d4 d5 2. c4 e6 3. Nc3 c6 4. Nf3 dxc4 5. e3 b5 6. a4 Bb4 7. Bd2 a5 8. axb5
Bxc3 9. Bxc3 cxb5 10. b3 Bb7 11. bxc4 b4 12. Bb2 Nf6 13. Bd3 O-O 14. O-O Nbd7
15. Nd2 Qc7 16. Bc2 Rfc8 17. f4 Nb6 18. c5 a4 19. e4 a3 20. Bc1 Qd7 21. Nf3 Nc4
22. e5 Ne4 23. Qe2 Qd5 24. Bxe4 Qxe4 25. Qxc4 Ba6 26. Qb3 Bxf1 27. Kxf1 Rcb8 28.
Ra2 h6 29. Kf2 Kf8 30. Be3 g5 31. fxg5 hxg5 32. h3 g4 33. hxg4 Ke7 34. g5 Kd7
35. Nd2 Qh4+ 36. Kf3 Qh5+ 37. Kf2 Qh4+ 38. Kf3 Qh5+ 39. Kg3 Kc6 40. Nc4 Qh1 41.
Nb6 Qe1+ 42. Bf2 Qc3+ 43. Qxc3 bxc3 44. Nxa8 Rxa8 45. Be1 c2 46. Rxc2 a2 47. Bc3
Ra3 48. Kf4 Rxc3 49. Rxa2 Kd5 50. Ra7 Rc2 51. Rd7+ Kc6 52. Rd6+ Kc7 53. g6 fxg6
54. Rxe6 Rxg2 55. Ke4 1-0

[Event "51st World Juniors"]
[Site "Athens GRE"]
[Date "2012.08.12"]
[Round "10.48"]
[White "Rios, Cristhian Camilo"]
[Black "Koutoukidis, Panagiotis"]
[Result "1/2-1/2"]
[WhiteTitle "FM"]
[WhiteElo "2398"]
[BlackElo "2167"]
[WhiteFideId "4403940"]
[BlackFideId "4244702"]
[EventDate "2012.08.02"]

1. e4 c5 2. Nf3 e6 3. d4 cxd4 4. Nxd4 Nc6 5. Nc3 a6 6. g3 Qc7 7. Bg2 d6 8. O-O
Be7 9. a4 Bd7 10. Nde2 Rc8 11. h3 Nf6 12. g4 h6 13. b3 Ne5 14. Be3 b5 15. axb5
axb5 16. f4 Ng6 17. Ra7 Qb8 18. e5 dxe5 19. g5 Nd5 20. f5 Bxg5 21. Bf2 Nge7 22.
fxe6 fxe6 23. Nxd5 exd5 24. Bxd5 Bxh3 25. Nf4 Bxf1 26. Qh5+ g6 27. Nxg6 Be2 28.
Qxe2 Nxd5 29. Nxh8 Nf4 30. Qf3 Qd6 31. Nf7 Qc6 32. Qg4 Rc7 33. Nxe5 Qxc2 34. Ra1
Qe2 35. Qf5 Rg7 36. Re1 Be7+ 37. Kh1 Qh5+ 38. Qxh5+ Nxh5 39. Nc6 Kd7 40. Nxe7
Rxe7 41. Rd1+ Ke6 42. Bc5 Rd7 43. Rxd7 Kxd7 44. Bf8 Ng3+ 45. Kg2 Nf5 46. Kf3 Ke6
47. Kg4 Ke5 48. b4 Ke4 49. Kh5 Kf4 50. Bc5 Ke4 51. Bf8 Kd5 52. Kg6 Nd4 53. Kxh6
Kc4 54. Kh5 Nc2 55. Kg4 Nxb4 56. Kf3 Nd3 57. Ke2 Nc5 58. Kd2 b4 59. Bxc5 Kxc5
60. Kc2 Kc4 1/2-1/2

[Event "51st World Juniors"]
[Site "Athens GRE"]
[Date "2012.08.12"]
[Round "10.49"]
[White "Jones, William E G"]
[Black "Jacko, Vladimir2"]
[Result "0-1"]
[BlackTitle "FM"]
[WhiteElo "2127"]
[BlackElo "2349"]
[WhiteFideId "470554"]
[BlackFideId "14915928"]
[EventDate "2012.08.02"]

1. e4 e5 2. Nf3 Nc6 3. Bb5 f5 4. Nc3 fxe4 5. Nxe4 Nf6 6. Nxf6+ Qxf6 7. Qe2 Be7
8. Bxc6 dxc6 9. Nxe5 O-O 10. O-O Bf5 11. d4 Bd6 12. f4 Rae8 13. Be3 Be6 14. Rae1
Qf5 15. c4 a5 16. Rf2 Qe4 17. b3 a4 18. Qd3 Qxd3 19. Nxd3 Bf5 20. Ne5 axb3 21.
axb3 Ra8 22. g4 Bxe5 23. fxe5 Bxg4 24. Rxf8+ Rxf8 25. Rf1 Re8 26. Ra1 Kf7 27.
Ra7 Rb8 28. Kf2 Ke6 29. Kg3 Bd1 30. b4 Be2 31. d5+ cxd5 32. cxd5+ Kxd5 33. Bf4
Ba6 34. e6 Kc6 35. Be5 Re8 36. Bxg7 Rg8 0-1

[Event "51st World Juniors"]
[Site "Athens GRE"]
[Date "2012.08.12"]
[Round "10.50"]
[White "Farid, Firman Syah"]
[Black "Larmuseau, Michiel"]
[Result "1-0"]
[WhiteTitle "CM"]
[WhiteElo "2318"]
[BlackElo "2154"]
[WhiteFideId "7102526"]
[BlackFideId "263214"]
[EventDate "2012.08.02"]

1. e4 e6 2. d4 d5 3. Nc3 Bb4 4. e5 c5 5. a3 Bxc3+ 6. bxc3 Qa5 7. Bd2 Qa4 8. Qb1
c4 9. h4 Nc6 10. h5 h6 11. Ne2 Bd7 12. Nf4 O-O-O 13. g3 f6 14. Bh3 Re8 15. Ng6
Rh7 16. O-O fxe5 17. Nxe5 Nxe5 18. dxe5 Ne7 19. Be3 g6 20. Qd1 Qa5 21. Bd4 Rg8
22. hxg6 Nxg6 23. f4 Qd8 24. Qh5 Kb8 25. Kh2 Qe7 26. f5 exf5 27. Bxf5 Bxf5 28.
Rxf5 Nf8 29. e6 Rg5 30. Qf3 Nxe6 31. Re1 Qd7 32. Rf6 Nd8 33. Rf8 Kc8 34. Ree8
Re7 35. Rxd8+ 1-0

[Event "51st World Juniors"]
[Site "Athens GRE"]
[Date "2012.08.12"]
[Round "10.51"]
[White "Nuri, Kambez"]
[Black "Nadirashvili, Shalva"]
[Result "1-0"]
[WhiteTitle "FM"]
[WhiteElo "2274"]
[BlackElo "2151"]
[WhiteFideId "1311433"]
[BlackFideId "13601512"]
[EventDate "2012.08.02"]

1. e4 c5 2. Nf3 Nf6 3. Nc3 d5 4. exd5 Nxd5 5. Bc4 e6 6. O-O Be7 7. d4 Nxc3 8.
bxc3 Nc6 9. Be3 O-O 10. Qd2 Qa5 11. Rfd1 Rd8 12. Qe1 Bf6 13. dxc5 Bxc3 14. Rxd8+
Nxd8 15. Bd2 Qxc5 16. Bxc3 Qxc4 17. Rd1 Bd7 18. Rxd7 Qxa2 19. Qe5 Qb1+ 20. Ne1
f6 21. Rxg7+ 1-0

[Event "51st World Juniors"]
[Site "Athens GRE"]
[Date "2012.08.12"]
[Round "10.52"]
[White "Torkkola, Henri"]
[Black "Gantar, Jan"]
[Result "0-1"]
[WhiteElo "2123"]
[BlackElo "2218"]
[WhiteFideId "507660"]
[BlackFideId "14607875"]
[EventDate "2012.08.02"]

1. Nf3 Nf6 2. c4 c5 3. Nc3 e6 4. g3 b6 5. Bg2 Bb7 6. O-O a6 7. d4 cxd4 8. Qxd4
d6 9. Rd1 Nbd7 10. Bg5 Be7 11. Qd2 O-O 12. Bf4 Ne8 13. Rac1 Qc7 14. b3 Rd8 15.
Ne1 Bxg2 16. Nxg2 Qb7 17. Qd3 Nc5 18. Qf3 Qxf3 19. exf3 f5 20. h4 h6 21. b4 Nd7
22. Re1 Kf7 23. g4 fxg4 24. fxg4 g5 25. Be3 gxh4 26. Bxh6 Rg8 27. f3 Ne5 28. Kh1
Nd3 29. Nf4 Nxc1 30. g5 Nd3 31. Nxd3 Bxg5 32. Bxg5 Rxg5 33. Re4 Nf6 34. Rxh4 Rh5
35. Rxh5 Nxh5 36. Kg2 Nf6 37. Na4 Nd7 38. Kf2 Rc8 39. Nab2 Kf6 40. f4 Kf5 41.
Ke3 e5 42. fxe5 dxe5 43. a4 e4 44. Nf2 Ne5 45. Nxe4 Ng4+ 46. Kf3 Nh2+ 47. Ke3
Re8 48. Kd4 Rxe4+ 49. Kd5 Nf3 50. Kc6 Ne5+ 51. Kxb6 Nxc4+ 52. Nxc4 Rxc4 53. b5
axb5 54. axb5 Ke6 55. Ka7 Ra4+ 56. Kb7 Kd7 0-1

[Event "51st World Juniors"]
[Site "Athens GRE"]
[Date "2012.08.12"]
[Round "10.53"]
[White "Muhammad, Luthfi Ali"]
[Black "Sreeves, Clement"]
[Result "1/2-1/2"]
[WhiteTitle "CM"]
[WhiteElo "2078"]
[BlackElo "2191"]
[WhiteFideId "7103743"]
[BlackFideId "2402564"]
[EventDate "2012.08.02"]

1. e4 e5 2. Nf3 Nc6 3. Bb5 a6 4. Ba4 Nf6 5. O-O Be7 6. Re1 b5 7. Bb3 d6 8. c3
O-O 9. h3 Na5 10. Bc2 c5 11. d4 Qc7 12. Nbd2 Bd7 13. d5 c4 14. Nf1 Nb7 15. Ng3
g6 16. Bh6 Rfe8 17. Nh2 Nc5 18. Kh1 a5 19. Qd2 Kh8 20. Bg5 Ng8 21. Bxe7 Rxe7 22.
Ng4 Bxg4 23. hxg4 Ree8 24. Nf1 Qe7 25. g3 h6 26. Nh2 Kg7 27. Kg2 Qg5 28. f4 Qe7
29. Re2 Nf6 30. g5 hxg5 31. fxg5 Nh7 32. Nf3 Rh8 33. b4 axb4 34. cxb4 Na4 35.
Rf1 Nb6 36. Qe3 Qa7 37. Ref2 Rhf8 38. Nh4 Nd7 39. Qf3 Nxg5 40. Qg4 f6 41. a4
bxa4 42. Rxf6 Rxf6 43. Qxg5 Raf8 44. Nf5+ Kf7 45. Nxd6+ Kg8 46. Nf5 Kf7 47. Nd6+
Kg8 48. Nf5 Kf7 1/2-1/2

[Event "51st World Juniors"]
[Site "Athens GRE"]
[Date "2012.08.12"]
[Round "10.54"]
[White "Stepanyan, Henrik"]
[Black "Michelakos, Panagiotis"]
[Result "1/2-1/2"]
[WhiteElo "2022"]
[BlackElo "2185"]
[WhiteFideId "401030"]
[BlackFideId "4216067"]
[EventDate "2012.08.02"]

1. c4 c5 2. Nc3 Nc6 3. Nf3 e5 4. e3 Nf6 5. d4 cxd4 6. exd4 e4 7. Ne5 Be7 8. Be2
O-O 9. O-O d6 10. Nxc6 bxc6 11. f3 d5 12. fxe4 Nxe4 13. Bd3 Nxc3 14. bxc3 Be6
15. c5 Qa5 16. Qf3 g6 17. Bd2 Rab8 18. Rae1 Rbe8 19. Bh6 Qxc3 20. Qe3 Bd8 21.
Bxf8 Rxf8 22. Kh1 Ba5 23. Re2 Re8 24. Qf3 f5 25. g4 fxg4 26. Qf6 Bd8 27. Qf2
Qxd3 28. Rxe6 Qxf1+ 29. Qxf1 Rxe6 30. Qf4 Bf6 31. Qxg4 Kf7 32. Qf4 g5 33. Qc7+
Kg6 34. Qxa7 Bxd4 35. Qa4 Be5 36. Qc2+ Kf6 37. Qxh7 Bf4 38. h4 gxh4 39. Qxh4+
Ke5 40. Qe1+ Kf5 41. Qb1+ Kg4 42. Qd1+ Kf5 43. a4 Rh6+ 44. Kg1 Ke4 45. Qc2+ Ke3
46. Qf2+ Ke4 47. Qc2+ 1/2-1/2

[Event "51st World Juniors"]
[Site "Athens GRE"]
[Date "2012.08.12"]
[Round "10.55"]
[White "Edwards, Jonathan"]
[Black "Vandevenne, Sander"]
[Result "1-0"]
[WhiteElo "2170"]
[BlackElo "2083"]
[WhiteFideId "2402912"]
[BlackFideId "223000"]
[EventDate "2012.08.02"]

1. e4 e6 2. Nf3 d5 3. e5 c5 4. b4 cxb4 5. a3 Nc6 6. axb4 Bxb4 7. c3 Bf8 8. d4 f6
9. Bd3 fxe5 10. dxe5 Qc7 11. O-O g6 12. Re1 Nh6 13. Na3 Nf7 14. Nb5 Qd8 15. Qc2
a6 16. h4 Bd7 17. Nd6+ Nxd6 18. exd6 Bxd6 19. Bxg6+ hxg6 20. Qxg6+ Kf8 21. Ng5
Qe7 22. Nxe6+ Bxe6 23. Rxe6 Bh2+ 24. Kf1 Qh7 25. Ba3+ 1-0

[Event "51st World Juniors"]
[Site "Athens GRE"]
[Date "2012.08.12"]
[Round "10.56"]
[White "Vaicekauskas, Gytis"]
[Black "Jefic, Srdjan"]
[Result "1/2-1/2"]
[WhiteElo "2079"]
[BlackElo "2165"]
[WhiteFideId "12805459"]
[BlackFideId "14403080"]
[EventDate "2012.08.02"]

1. d4 d5 2. Nc3 Nf6 3. Bg5 Bf5 4. f3 h6 5. Bh4 g5 6. Bf2 Bg7 7. e3 Nbd7 8. Bd3
Bxd3 9. Qxd3 c6 10. O-O-O Qa5 11. e4 dxe4 12. fxe4 e5 13. Nf3 O-O 14. h4 g4 15.
Nxe5 Nxe5 16. dxe5 Qxe5 17. Bd4 Qe6 18. Kb1 Rfe8 19. Rhe1 Rad8 20. Qf1 b6 21. a3
Re7 22. Rd3 Red7 23. Red1 Nh5 24. Bxg7 Nxg7 25. Rxd7 Rxd7 26. Rxd7 Qxd7 27. Qf4
h5 28. g3 Ne6 29. Qf5 Qd4 30. e5 Qg1+ 31. Ka2 Qxg3 32. Ne4 Qf4 33. Nf6+ Kf8 34.
Qxh5 Qc4+ 35. Kb1 Qf1+ 36. Ka2 1/2-1/2

[Event "51st World Juniors"]
[Site "Athens GRE"]
[Date "2012.08.12"]
[Round "10.57"]
[White "Zulfic, Fedja"]
[Black "Capone, Nicola"]
[Result "1/2-1/2"]
[WhiteElo "2135"]
[BlackElo "2120"]
[WhiteFideId "3208427"]
[BlackFideId "224715"]
[EventDate "2012.08.02"]

1. d4 Nf6 2. c4 e6 3. Nf3 b6 4. g3 Be7 5. Bg2 Bb7 6. O-O O-O 7. Nc3 Ne4 8. Qc2
Nxc3 9. Qxc3 f5 10. Bf4 Bf6 11. Rfd1 d6 12. h4 Qe7 13. Bh3 Nd7 14. Bg5 Rae8 15.
Rac1 Bxg5 16. Nxg5 h6 17. Nf3 Nf6 18. c5 Ne4 19. cxd6 cxd6 20. Qa3 Bd5 21. Rc2
Rc8 22. Rdc1 Rxc2 23. Rxc2 g5 24. Bg2 f4 25. Nd2 Nf6 26. hxg5 hxg5 27. gxf4 gxf4
28. e4 fxe3 29. Qxe3 Qg7 30. Qg3 Qxg3 31. fxg3 Bxg2 32. Kxg2 d5 1/2-1/2

[Event "51st World Juniors"]
[Site "Athens GRE"]
[Date "2012.08.12"]
[Round "10.58"]
[White "Du Plessis, Heinco"]
[Black "Yurtseven, Melih"]
[Result "1/2-1/2"]
[WhiteElo "2075"]
[BlackElo "2126"]
[WhiteFideId "14306263"]
[BlackFideId "6312160"]
[EventDate "2012.08.02"]

1. e4 g6 2. d4 Bg7 3. Nc3 c6 4. Bc4 b5 5. Bb3 a5 6. a4 b4 7. Nce2 d6 8. f4 d5 9.
e5 h5 10. Nf3 e6 11. O-O Ba6 12. c3 Nh6 13. Bc2 Bf8 14. Bd3 Qb6 15. Be3 Be7 16.
Qd2 Nf5 17. Bf2 Bxd3 18. Qxd3 Qa6 19. Qc2 Nd7 20. Rac1 bxc3 21. bxc3 Nb6 22. Ng3
Nh6 23. Rfe1 Nc4 24. Nf1 Rb8 25. Rb1 Rxb1 26. Rxb1 Kd7 27. Qb3 Kc7 28. N1d2 Na3
29. Rb2 Nf5 30. g3 Qa7 31. c4 Bb4 32. cxd5 exd5 33. h3 Rb8 34. Kg2 Be7 35. Qxb8+
Qxb8 36. Rxb8 Kxb8 37. g4 Ng7 38. Bh4 Bxh4 39. Nxh4 hxg4 40. hxg4 Ne6 41. f5
Nxd4 42. fxg6 fxg6 43. Nxg6 Ne6 44. Kf3 Kc7 45. Nf4 Kd7 46. Nxe6 Kxe6 47. Kf4 c5
48. Nb3 c4 49. Nxa5 d4 50. Nc6 Nc2 51. Nxd4+ Nxd4 52. Ke4 1/2-1/2

[Event "51st World Juniors"]
[Site "Athens GRE"]
[Date "2012.08.12"]
[Round "10.59"]
[White "Poulopoulos, Ioannis"]
[Black "Haria, Ravi"]
[Result "1-0"]
[WhiteElo "2007"]
[BlackElo "2054"]
[WhiteFideId "4218078"]
[BlackFideId "415820"]
[EventDate "2012.08.02"]

1. e4 e6 2. d4 d5 3. e5 c5 4. c3 Nc6 5. Nf3 Bd7 6. Be2 Nge7 7. Na3 cxd4 8. cxd4
Nf5 9. Nc2 Qb6 10. O-O Na5 11. Rb1 Bb5 12. Ne3 Nxe3 13. Bxe3 Be7 14. Bg5 Bxe2
15. Qxe2 Bxg5 16. Nxg5 h6 17. Qh5 O-O 18. Nf3 Rac8 19. g4 f6 20. Kh1 fxe5 21. g5
Rf5 22. Rg1 e4 23. Qg6 h5 24. Ne5 Qd6 25. Qxh5 Nc6 26. Ng4 Qf4 27. Nf6+ Rxf6 28.
gxf6 Qxf6 29. Rg6 Qxf2 30. Rbg1 Rc7 31. R6g2 Qf6 32. Qe8+ Kh7 33. Rg3 Qf4 34.
Kg2 Re7 35. Qc8 Nxd4 36. Rh3+ Kg6 37. Kh1+ Kf7 38. Rxg7+ Kxg7 39. Qh8+ Kg6 40.
Rg3+ Kf7 41. Rg7+ Kf6 42. Rg8+ 1-0

[Event "51st World Juniors"]
[Site "Athens GRE"]
[Date "2012.08.12"]
[Round "10.60"]
[White "Zwakala, Ntando"]
[Black "Alexiadis, Hristos"]
[Result "0-1"]
[WhiteElo "2054"]
[BlackElo "1769"]
[WhiteFideId "14308967"]
[BlackFideId "4249623"]
[EventDate "2012.08.02"]

1. e4 c5 2. Nf3 d6 3. d4 cxd4 4. Nxd4 Nf6 5. Nc3 a6 6. Bc4 e6 7. Bb3 b5 8. f4
Bb7 9. Qe2 Nbd7 10. e5 dxe5 11. fxe5 Ne4 12. O-O Nxc3 13. bxc3 Bc5 14. Qg4 Nxe5
15. Qxg7 Bxd4+ 16. Kh1 Nf3 17. cxd4 Qxd4 18. Qh6 Qxa1 19. Bxe6 Qe5 20. Bxf7+
Kxf7 21. gxf3 Rhg8 22. Qh3 Rae8 23. Ba3 Bc8 24. Qxh7+ Rg7 25. Qh4 Qe2 26. Qh5+
Kg8 27. Rg1 Qg2+ 0-1

[Event "51st World Juniors"]
[Site "Athens GRE"]
[Date "2012.08.12"]
[Round "10.61"]
[White "Wu, Kevin"]
[Black "Kalogridakis, Georgios"]
[Result "0-1"]
[WhiteElo "1905"]
[BlackElo "2017"]
[WhiteFideId "2609720"]
[BlackFideId "4249666"]
[EventDate "2012.08.02"]

1. e4 c5 2. c3 d5 3. exd5 Qxd5 4. d4 Nf6 5. Na3 a6 6. Nf3 Bg4 7. Be2 e6 8. Nc4
Qd8 9. O-O Nc6 10. Bf4 cxd4 11. Nxd4 Bxe2 12. Nxe2 Nd5 13. Bg3 Be7 14. Nf4 O-O
15. Qg4 Nf6 16. Qe2 Qe8 17. Rad1 b5 18. Nd6 Bxd6 19. Rxd6 Ne7 20. Nh5 Nxh5 21.
Qxh5 Nf5 22. Qf3 Nxd6 23. Bxd6 Rd8 24. Bxf8 Kxf8 25. Rd1 Rd5 26. Kf1 Qc6 27.
Rxd5 exd5 28. Qd3 h6 29. b3 a5 30. Qd4 Kg8 31. a4 bxa4 32. bxa4 Qb7 33. Qc5 Qb1+
34. Ke2 Qc2+ 35. Ke3 Qe4+ 36. Kd2 Qf4+ 37. Ke1 Qc1+ 38. Ke2 Qc2+ 0-1

[Event "51st World Juniors"]
[Site "Athens GRE"]
[Date "2012.08.12"]
[Round "10.62"]
[White "Papasimakopoulos, Vasilios"]
[Black "Tsiros, Fragkiskos Vlasios"]
[Result "0-1"]
[WhiteElo "1820"]
[BlackElo "1897"]
[WhiteFideId "4244141"]
[BlackFideId "4228200"]
[EventDate "2012.08.02"]

1. d4 Nf6 2. c4 e6 3. Nf3 b6 4. g3 Ba6 5. Nbd2 b5 6. b3 Bb4 7. Qc2 d5 8. cxd5
Qxd5 9. Bg2 Nc6 10. O-O Bb7 11. Ne5 Qxg2+ 12. Kxg2 Nxd4+ 13. Ndf3 Nxc2 14. Rb1
Bd6 15. Kg1 Bxe5 16. Nxe5 Nd4 17. Re1 O-O 18. f3 Rfd8 19. Bb2 c5 20. e4 Nd7 21.
Nxd7 Nxf3+ 22. Kf1 Rxd7 0-1

[Event "51st World Juniors"]
[Site "Athens GRE"]
[Date "2012.08.12"]
[Round "10.63"]
[White "Kalofonos, Panayotis"]
[Black "Davis, Ashley J"]
[Result "1-0"]
[WhiteElo "1806"]
[BlackElo "1929"]
[WhiteFideId "4233824"]
[BlackFideId "407798"]
[EventDate "2012.08.02"]

1. e4 c5 2. Nf3 Nc6 3. d4 cxd4 4. Nxd4 e6 5. Nc3 Qc7 6. Be3 a6 7. Qd2 Nf6 8.
O-O-O Bb4 9. f3 O-O 10. g4 Ne5 11. g5 Nxf3 12. Qg2 Nh4 13. Qg3 Qxg3 14. hxg3
Bxc3 15. gxf6 Bxd4 16. Bxd4 Ng6 17. fxg7 Re8 18. Bf6 b5 19. Bd3 e5 20. g4 Nf4
21. g5 h5 22. gxh6 Nxd3+ 23. cxd3 Kh7 24. Rdg1 Rg8 25. Bxe5 Bb7 26. Bd6 Rac8+
27. Kd2 Rc6 28. Bf8 Re6 29. Rf1 d5 30. Rxf7 Bc6 31. Rh4 dxe4 32. dxe4 Bxe4 33.
a3 Rg6 34. Ra7 Rc6 35. Ke3 Bc2 36. Rh2 Bg6 37. Kf3 Rf6+ 38. Ke2 Rc6 39. Ke3 Bc2
40. Kd4 Bb3 41. Rd7 a5 42. Rb7 Bc4 43. Rd7 a4 44. Rb7 Rg6 45. Rh5 Rg4+ 46. Ke3
Rg3+ 47. Kf4 Rb3 48. Rc5 Be2 49. Rc2 Bf1 50. Ke5 Rh3 51. Rb6 Rh5+ 52. Kd4 Rh4+
53. Kc5 Bd3 54. Rd2 Bf1 55. Rbd6 Rh5+ 56. Kb6 Bc4 57. Ka5 Rh3 58. R6d4 Bf1 59.
Rd5 Rb3 60. Rc5 Bc4 61. Rxc4 bxc4 62. Kxa4 Rb8 63. Rc2 Kxh6 64. Rxc4 Rxb2 65.
Rb4 Rf2 66. Kb5 Rxg7 67. Bxg7+ Kxg7 68. a4 Rf5+ 69. Kb6 Rf6+ 70. Ka7 Kf7 71. Re4
Rf5 72. Kb6 Rf6+ 73. Kb5 Rf5+ 74. Kb4 Rf1 75. a5 Rb1+ 76. Kc5 Ra1 77. Kb5 Rb1+
78. Rb4 Ra1 79. a6 Ke7 80. Kb6 Rd1 81. a7 Rd6+ 82. Ka5 Rd5+ 83. Kb6 Rd6+ 84. Kc5
Ra6 85. Rb7+ Ke6 86. Rb6+ 1-0

[Event "51st World Juniors"]
[Site "Athens GRE"]
[Date "2012.08.12"]
[Round "10.64"]
[White "Zervos, Lazaros"]
[Black "Cajahuanca Ramirez, Olindo"]
[Result "1/2-1/2"]
[WhiteElo "1799"]
[BlackElo "1856"]
[WhiteFideId "4238362"]
[BlackFideId "3811530"]
[EventDate "2012.08.02"]

1. e4 c5 2. Nf3 e6 3. d4 cxd4 4. Nxd4 a6 5. c4 Nf6 6. Nc3 Bb4 7. Bd3 Nc6 8. Nxc6
dxc6 9. O-O e5 10. Kh1 Bxc3 11. bxc3 Bg4 12. Qc2 O-O 13. f4 Nd7 14. Be3 Qe7 15.
f5 Bh5 16. Be2 Bxe2 17. Qxe2 Qh4 18. Bf2 Qe7 19. Rae1 Qa3 20. Bh4 f6 21. Rf3 Qe7
22. Rh3 Rfd8 23. Bf2 Qf7 24. Be3 b5 25. Rg3 Kh8 26. Qg4 Rab8 27. cxb5 axb5 28.
Rd1 Nf8 29. Bg1 Rd7 30. Rgd3 Rbd8 31. Qf3 Qc4 32. Rxd7 Rxd7 33. Rxd7 Nxd7 34.
Qd1 Nf8 35. Qd6 Kg8 36. h3 Qxc3 37. Bc5 Qc1+ 38. Kh2 h6 39. Qxf8+ Kh7 40. Be7
Qf4+ 41. Kg1 Qc1+ 42. Kh2 Qf4+ 43. Kg1 Qe3+ 44. Kh1 Qc1+ 45. Kh2 Qg5 46. Kg1
Qe3+ 47. Kh1 Qg5 48. Kg1 h5 49. Kh2 h4 50. Kg1 Qe3+ 51. Kh2 Qh6 52. Kg1 Qe3+ 53.
Kh2 Qh6 54. Kg1 Qg5 55. Kh2 Qg3+ 56. Kg1 Qg5 57. Kf1 Qf4+ 58. Kg1 Qh6 59. Kh1
Qg5 60. Kh2 Qh6 61. Kg1 Qg5 1/2-1/2